书目信息 |
| 题名: |
研究方法的第一本书
|
|
| 作者: | 格里斯 著 ;孙冰洁 , 王亮 译 | |
| 分册: | ||
| 出版信息: | 大连 东北财经大学出版社 2011 |
|
| 页数: | 169页 | |
| 开本: | 24cm | |
| 丛书名: | ||
| 单 册: | ||
| 中图分类: | G312 | |
| 科图分类: | ||
| 主题词: | 研究方法 | |
| 电子资源: | ||
| ISBN: | 978-7-5654-0194-7 | |
| 000 | 00978nam0 2200277 450 | |
| 001 | 1561069933 | |
| 005 | 20150119165830.21 | |
| 010 | @a978-7-5654-0194-7@dCNY24.00 | |
| 100 | @a20110329d2011 em y0chiy50 ea | |
| 101 | 1 | @achi@ceng |
| 102 | @aCN@b210000 | |
| 105 | @ay z 000yy | |
| 200 | 1 | @a研究方法的第一本书@9yan jiu fang fa de di yi ben shu@dThe foundations of research@f(英)乔纳森·格里斯(Jonathan Grix)著@g孙冰洁,王亮译@zeng |
| 210 | @a大连@c东北财经大学出版社@d2011 | |
| 215 | @a169页@d24cm | |
| 300 | @a帕尔格雷夫研究技巧系列 | |
| 305 | @a由PALGRAVE MACMILLAN有限公司授权出版 | |
| 330 | @a本书旨在使学生掌握一些重要的研究工具和研究术语,并且能够很好地理解这些研究术语。 | |
| 510 | 1 | @aFoundations of research@zeng |
| 606 | 0 | @a研究方法 |
| 690 | @aG312@v5 | |
| 701 | 0 | @c(英)@a格里斯@9ge li si@c(Grix, Jonathan)@4著 |
| 702 | 0 | @a孙冰洁@9sun bing jie@4译 |
| 702 | 0 | @a王亮@9wang liang@4译 |
| 801 | 0 | @aCN@bTSSF@c20150119 |
| 905 | @aZUCC@dG312@eJY1 | |
| 研究方法的第一本书=The foundations of research/(英)乔纳森·格里斯(Jonathan Grix)著/孙冰洁,王亮译.-大连:东北财经大学出版社,2011 |
| 169页;24cm |
| 帕尔格雷夫研究技巧系列 |
| ISBN 978-7-5654-0194-7:CNY24.00 |
| 本书旨在使学生掌握一些重要的研究工具和研究术语,并且能够很好地理解这些研究术语。 |
| ● |
| 相关链接 |
|
|
|
|
正题名:研究方法的第一本书
索取号:G312/JY1
 
预约/预借
| 序号 | 登录号 | 条形码 | 馆藏地/架位号 | 状态 | 备注 |
| 1 | 7848733 | 278487335 | 学院路分馆/ [索取号:G312/JY1] | 在馆 | |
| 2 | 7848734 | 278487344 | 学院路分馆/ [索取号:G312/JY1] | 在馆 |